Spreadsheet Skills for Finance Professionals (Record no. 27098)

MARC details
000 -LEADER
fixed length control field 00325nam a2200133Ia 4500
008 - FIXED-LENGTH DATA ELEMENTS--GENERAL INFORMATION
fixed length control field 240827s9999 xx 000 0 und d
020 ## - INTERNATIONAL STANDARD BOOK NUMBER
ISBN 9789390128228
100 ## - MAIN ENTRY--AUTHOR NAME
Personal name Pitabas Mohanty
245 #0 - TITLE STATEMENT
Title Spreadsheet Skills for Finance Professionals
250 ## - EDITION STATEMENT
Edition statement 2nd
260 ## - PUBLICATION, DISTRIBUTION, ETC. (IMPRINT)
Name of publisher Taxmann
Year of publication 2020
942 ## - ADDED ENTRY ELEMENTS (KOHA)
Koha item type Books
650 ## -
-- Commerce
Holdings
Withdrawn status Lost status Damaged status Not for loan Collection code Home library Current library Department Date acquired Total Checkouts Full call number Accession Number Koha item type
        General Text Book Central University Of Rajasthan Central University Of Rajasthan   27/08/2024   658.15 M72S 43468 Books
        General Text Book Central University Of Rajasthan Central University Of Rajasthan   27/08/2024   658.15 M72S 43469 Books
        General Text Book Central University Of Rajasthan Central University Of Rajasthan   27/08/2024   658.15 M72S 43470 Books
        General Text Book Central University Of Rajasthan Central University Of Rajasthan   27/08/2024   658.15 M72S 43471 Books
        Reserve Text Book Central University Of Rajasthan Central University Of Rajasthan   27/08/2024   658.15 M72S 43472 Books
        General Text Book Central University Of Rajasthan Central University Of Rajasthan   22/10/2024   658.15 M72S 40497 Books
        General Text Book Central University Of Rajasthan Central University Of Rajasthan   06/11/2024   658.15 M72S 40330 Books